[Event "54th Hoogovens it"]
[Site "Wijk aan Zee NED"]
[Date "1992.01.??"]
[Round "13"]
[White "Gelfand, Boris"]
[Black "Kortschnoj, Viktor"]
[Result "1/2-1/2"]
[WhiteElo "2665"]
[BlackElo "2585"]
[EventDate "1992.01.15"]
[PlyCount "55"]

1. d4 Nf6 2. c4 e6 3. Nf3 b6 4. a3 Bb7 5. Nc3 d5 6. Qa4+ c6 7. cxd5 Nxd5 8. Bd2 Nd7 9. e4 N5f6 10. e5 Nd5 11. Nxd5 cxd5 12. Bg5 Be7 13. Bxe7 Qxe7 14. Rc1 Qd8 15. Qb4 Rc8 16. Rxc8 Qxc8 17. Kd2 Bc6 18. Bd3 Nb8 19. Rc1 Qd7 20. a4 f6 21. a5 Qe7 22. Qb3 Qb7 23. a6 Qe7 24. Bb5 Kd7 25. Bd3 Rc8 26. Rc3 f5 27. Qc2 Kd8 28. Ke1 1/2-1/2